Introduction to optimization /
Guardado en:
| Autor Principal: | |
|---|---|
| Otros Autores: | |
| Formato: | Libro |
| Idioma: | English |
| Publicado: |
Chichester [England] :
Wiley,
c1988.
|
| Series: | Wiley-Interscience series in discrete mathematics and optimization
|
| Materias: | |
| Etiquetas: |
Agregar Etiqueta
Sin Etiquetas, Sea el primero en etiquetar este registro!
|
| LEADER | 00874pam a2200253 a 4500 | ||
|---|---|---|---|
| 001 | MAT.inmabb003525 | ||
| 008 | 871013s1988####enka#####b####001#0#eng## | ||
| 005 | 20130323065620.0 | ||
| 245 | 1 | 0 | |a Introduction to optimization / |c E. M. L. Beale ; edited by Lynne Mackley. |
| 260 | |a Chichester [England] : |b Wiley, |c c1988. | ||
| 300 | |a ix, 121 p. : |b il. ; |c 25 cm. | ||
| 440 | 0 | |a Wiley-Interscience series in discrete mathematics and optimization | |
| 500 | |a "A Wiley-Interscience publication." | ||
| 504 | |a Bibliografía: p. 115-117. | ||
| 510 | 4 | |a MR, |c 89f:90079 | |
| 020 | |a 0471917605 | ||
| 020 | |a 0471917613 (pbk.) | ||
| 100 | 1 | |a Beale, E. M. L. |q (Evelyn Martin Landsdowne) | |
| 700 | 1 | |a Mackley, Lynne. | |
| 650 | 0 | |a Mathematical optimization. | |
| 084 | |a 90Cxx (90-01) |2 MR | ||
| 010 | |a 87029613 | ||
| 040 | |a DLC |c DLC |d DLC | ||
| 859 | |h 90 |i B366 |p A-6348 |b BIB. MATEMATICA | ||
